Movies By Doll Quiz Stats

Quiz Updated Sep 5, 2015

Also try: Movie by Robot
Challenge
Share
Tweet
Score 0/24 Timer 08:00
1 Play Today
% Correct
Home Alone
97.8%
The Wizard of Oz
97.7%
The Hunger Games
96.7%
Pirates of the Caribbean: On Stranger Tides
94.4%
The Twilight Saga: Breaking Dawn - Part 2
92.1%
The Sound of Music
91.5%
Grease
89.4%
Legally Blonde 2: Red, White & Blonde
88.6%
Brave
88.5%
Alice in Wonderland
86.1%
The Birds
83.1%
Mary Poppins
82.6%
% Correct
Cleopatra
81.1%
Breakfast at Tiffany's
80.7%
King Kong
80.3%
Titanic
74.1%
Gone with the Wind
71.2%
Flashdance
68.1%
Jailhouse Rock
68%
Lord of the Rings: The Return of the King
67.5%
Rebel Without a Cause
60.1%
My Fair Lady
49.4%
Speed Racer
48.9%
Divergent
48.8%

You're not logged in!

Compare scores with friends on all Sporcle quizzes.
Sign Up with Email
OR
Log In

You Might Also Like...

Show Comments

Extras

Top Quizzes Today


Score Distribution

Your Account Isn't Verified!

In order to create a playlist on Sporcle, you need to verify the email address you used during registration. Go to your Sporcle Settings to finish the process.